000 00599nam a2200229Ia 4500
003 OSt
005 20221005121934.0
006 a|||||r|||| 00| 0
007 ta
008 221004b |||||||| |||| 00| 0 eng d
024 _a59816
037 _cTextual
040 _aCRL
_cCRL
_beng
041 _2eng
_aeng
082 _aV2:2501:N3, H63
100 _aMukherjee Hirendranath
_9631280
245 0 _aIndia struggle for freedom
_b A history
260 _c1946
650 _aHISTORY
942 _hV2:2501:N3, H63
_cTEXL
_2cc
999 _c1042767
_d1042767